| 000 | 00440nam a2200157 4500 | ||
|---|---|---|---|
| 008 | 0 2003 0a 000 0MEX | ||
| 020 | _a970-26-0427-3 | ||
| 050 | _aHD30.28 D37 2003 | ||
| 082 | _a658.401 D249c | ||
| 100 | _aDavid, Fred R. | ||
| 245 | _aConceptos de administración estratégica / Fred R. David | ||
| 250 | _a9 | ||
| 260 | _aMéxico : Pearson Educación | ||
| 300 | _a368 p. / 25 cm. | ||
| 650 | _a1.ADMINISTRACION | ||
| 999 |
_c16473 _d16473 |
||